• 首页
  • 本馆介绍
  • 公告通知
  • 最新文献
  • 馆藏检索
  • 电子资源
  • 读者导购
  • 参考咨询
  • 我的图书馆
  • 登录
  • 详细信息显示
  • 放入我的书架
  • 预约/预借图书
  • 作者相关作品
  • 分类相关作品
  • 丛书相关作品
  • 出版社相关作品

书目信息

  • 表格格式
  • 工作单格式
  • 卡片格式
题名:
非线性动力学中的现代分析方法
    
 
作者: 陆启韶 , 陈予恕 , 唐云 编
分册:  
出版信息: 北京   科学出版社  1992
页数: 323页
开本: 20cm
丛书名:
单 册:
中图分类: O322
科图分类:
主题词: 振动理论
电子资源:
ISBN: 7-03-003191-1
000 00664nam0 2200205 450
001 0735592734
005 20070906095312.73
010    @a7-03-003191-1@d¥18.00
100    @a20070906d km y0chiy0120 ea
101 0  @achi
200 1  @a非线性动力学中的现代分析方法@Afei xian xing dong li xue zhong de xian dai fen xi fang fa@f陈予恕,唐云,陆启韶等编@Fchen yu shu,tang yun,lu qi shao deng bian
210    @a北京@c科学出版社@d1992
215    @a323页@d20cm
606 0  @a振动理论
690    @aO322@v3
701  0 @a陆启韶@Alu qi shao@4编
701  0 @a陈予恕@Achen yu shu@4编
701  0 @a唐云@Atang yun@4编
801  0 @aCN@bPFT@c20070906
905    @a213230@dO322@eP21@f1
    
    非线性动力学中的现代分析方法/陈予恕,唐云,陆启韶等编.-北京:科学出版社,1992
    323页;20cm
    
    
    ISBN 7-03-003191-1:¥18.00
    
●
相关链接 在E读中查询图书 在五车中查询图书 在当当中查询图书 在豆瓣中查询图书


正题名:非线性动力学中的现代分析方法     索取号:O322/P21         预约/预借

序号 登录号 条形码 馆藏地/架位号 状态 备注
1 7200809   272008098   密集书库-物理学院/ [索取号:O322/P21] 在馆    
2 7200810   272008105   密集书库-物理学院/ [索取号:O322/P21] 在馆    
唐山师范学院图书馆 欢迎您!
大连网信软件有限公司© 版权所有